Harry Potter et la Chambre des Secrets - Statistiques

Statistiques générales
  • Ce quiz a été pris 54 fois
  • Le résultat moyen est 7 sur 10
Statistiques - réponses
Citations Personnages % Correct
Maître a donné une chaussette à Dobby. Dobby
98%
Voyons, Dobby… tu sais ce qui arrive aux elfes qui désobéissent Lucius Malefoy
96%
Pourquoi ça doit toujours être nous ? Ron Weasley
93%
Ce sont nos choix, Harry, qui montrent ce que nous sommes vraiment. Albus Dumbledore
91%
Lire ? Tu sais lire, toi ? Drago Malefoy
89%
C’est moi qui ai ouvert la Chambre… Ginny Weasley
82%
La Chambre des secrets a été ouverte. Ennemis de l’héritier, prenez garde. Harry Potter
67%
La Chambre des secrets a été ouverte… Ça veut dire que l’héritier de Serpentard est revenu Hermione Granger
64%
Ils ont pris la baguette d’Hagrid… et il a été renvoyé. Tom Jedusor
33%
Je n’ai jamais prétendu être bon en tout Gilderoy Lockhart
31%
Aucun quiz correspondant
Distribution des résultats
% des personnes avec chaque résultat
Percentile par nombre de réponses
Votre historique - résultats
Vous n’avez pas pris ce quiz